Statistics for Universities In The UK

Click here to take the quiz!

General Stats

  • This quiz has been taken 623 times
  • The average score is 59 of 130

Answer Stats

RankAnswer% Correct
2University of Oxford
100%
1University of Cambridge
99%
94University of Chester
96%
17=University of Manchester
95%
14University of Bristol
90%
15University of Edinburgh
90%
16University of Leeds
90%
13University of Birmingham
89%
33University of Liverpool
88%
19University of Glasgow
87%
23Newcastle University
86%
20=University of Nottingham
86%
30Cardiff University
85%
22University of York
85%
28University of Sheffield
84%
17=University of Southampton
82%
12University of Exeter
81%
10University College of London
80%
9University of Bath
80%
11University of Warwick
79%
7Durham University
78%
3University of St Andrews
78%
26University of Aberdeen
76%
61University of Portsmouth
76%
38University of Leicester
75%
32Swansea University
74%
112University of Brighton
74%
71University of Plymouth
74%
20=King's College London, University of London
72%
5Imperial College London
71%
4London School of Economics & Politics
71%
8Lancaster University
70%
25University of East Anglia UEA
68%
40University of Sussex
68%
46Nottingham Trent University
67%
47University of Kent
66%
54=Coventry University
65%
31University of Dundee
65%
39University of Reading
64%
54=Manchester Metropolitan University
63%
6Loughborough University
62%
50University of Lincoln
62%
86Bournemouth University
60%
41=University of Essex
60%
64=University of Hull
60%
99University of Derby
58%
69University of Bradford
57%
48=Oxford Brookes University
56%
67Sheffield Hallam University
53%
57City, University of London
51%
108University of Sunderland
51%
34University of Surrey
51%
43Aston University, Birmingham
50%
35=Queen Mary University of London
50%
118=Leeds Beckett University
47%
72=Bangor University
46%
66Liverpool John Moores University
46%
56Keele University
45%
109=University of Northampton
45%
121University of Wolverhampton
45%
58Aberystwyth University
43%
27Queen's University Belfast
42%
64=University of the West of England (UWE)
42%
104University of Worcester
40%
125Canterbury Christchurch University
38%
29Heriot-Watt University
38%
52Northumbria University, Newcastle
38%
35=University of Strathclyde
38%
81=De Montfort University
37%
117University of Cumbria
36%
81=University of Hertfordshire
36%
53University of Huddersfield
36%
105University of Winchester
36%
92University of Salford
35%
91University of Wales Trinity Saint David
35%
111University of Westminster, London
35%
123University of Bedfordshire
34%
103York St John University
33%
84=Birmingham City University
32%
84=Brunel University London
32%
95Teeside University, Middlesbrough
32%
116University of East London
32%
62=Liverpool Hope University
31%
24Royal Holloway, University of London
31%
115University of Buckingham
31%
70University of Central Lancashire
31%
72=University of Chichester
31%
93Bath Spa University
29%
127University of Bolton
29%
97University of Gloucestershire
29%
113Anglia Ruskin University
28%
37SOAS University of London
28%
90University of Greenwich
28%
87Cardiff Metropolitan University
27%
77=Falmouth University
27%
77=Edinburgh Napier University
26%
100=Kingston University
25%
122Leeds Trinity University
25%
89London South Bank University
25%
75=Staffordshire University
25%
77=University of West London
25%
100=Solent University (Southampton)
23%
62=Edge Hill University
22%
118=London Metropolitan University
22%
98Middlesex University
22%
129University of Suffolk
22%
68Goldsmiths, University of London
21%
60Ulster University
21%
81=University of Roehampton
20%
72=Robert Gordon University
18%
96Abertay University
16%
88Glasgow Caledonian University
15%
107St Mary's University, Twickenham
15%
102University of South Wales
15%
41=Harper Adams University
13%
51University of the Arts London
13%
128Plymouth Marjon University
10%
45University of Stirling
10%
75=Queen Margaret University, Edinburgh
9%
130Ravensbourne University London
9%
106Bishop Grosseteste University
8%
124Buckinghamshire New University
8%
126Glyndwr University, Wrexham
8%
114Royal Agricultural University
8%
59St George's, University of London
8%
44University for the Creative Arts
8%
109=University of West Scotland
8%
48=Arts University Bournemouth
7%
120Newman University, London
7%
77=Norwich University of Arts
7%

Score Distribution

Percentile by Number Answered

Percent of People with Each Score

Your Score History

You have not taken this quiz